Quick Pick: Reality Shows Quiz Stats

 Plays Quiz Updated Mar 18, 2016

Score 0/12 Timer 01:00
0 Plays Today
% Correct
Stars
97.4%
Talent
97.3%
Keeping
96.6%
Idol
96.5%
Factor
95.9%
Love
95.2%
Eat
94.9%
Catch
94.8%
Loser
94.9%
Makeover
94.6%
Island
93.9%
Brother
90.7%

Today's Daily Dose

Missing Word
Movies of 1964

Get the Picture
Rock Bands

You're not logged in!

Compare scores with friends on all Sporcle quizzes.
OR
Log In

Show Comments

Extras

Top Quizzes Today


Score Distribution

Your Account Isn't Verified!

In order to create a playlist on Sporcle, you need to verify the email address you used during registration. Go to your Sporcle Settings to finish the process.

Report this User

Report this user for behavior that violates our Community Guidelines.

Details: